| 000 | 00659nam a2200241Ia 4500 | ||
|---|---|---|---|
| 003 | IT-RoPAU | ||
| 008 | 120407s9999 xx 000 0 und d | ||
| 040 | _aIT-RoPAU | ||
| 040 | _cIT-RoPAU | ||
| 041 | _aita | ||
| 100 | _aErich Fromm | ||
| 245 | _aLa crisi della psicoanalisi. Traduzione di Giovanni Fattorini. | ||
| 250 | _aMilano | ||
| 260 | _aMondadori | ||
| 260 | _c1971 | ||
| 300 | _a216 p. | ||
| 300 | _c20 cm | ||
| 490 | _aSaggi | ||
| 490 | _v129 | ||
| 600 | _a"Tit. orig.: The crisis of psychoanalysis. 1 - Psicanalisi, Saggi I - Fattorini, Giovanni 150.195 BNI 72-11043" | ||
| 942 | _cBK | ||
| 999 |
_c29050 _d29050 |
||